000 002740000a22001330004500
003 MACL
040 _aMACL
090 _c38770
_d38768
100 _aLoti, Pierre
245 _aOn Life's By Ways
260 _bG. Bell & Sons
_c1914
650 _aNovel
942 _cBOOK
_k823/LOT
999 _c38353
_d38353